Estadísticas para Los fichajes más caros del fútbol - Futbolistas colombianos

Haz click aquí para intentar la prueba.

Estadísticas generales

  • Esta prueba ha sido intentada 42 veces
  • La puntuación promedio es 9 de 10

Estadísticas de respuestas

Coste (M €)TemporadaÚltimo clubNuevo clubJugador% Correcto
75,002014-2015MónacoReal MadridJames Rodríguez
100%
45,002013-2014OportoMónacoJames Rodríguez
100%
43,002013-2014Atlètico MadridMónacoRadamel Falcao
100%
40,002011-2012OportoAtlético MadridRadamel Falcao
100%
47,002021-2022OportoLiverpoolLuis Díaz
92%
42,002017-2018AjaxTottenhamDavinson Sánchez
90%
31,002014-2015FiorentinaChelseaJuan Cuadrado
82%
33,002015-2016Sevilla FCAC MilanCarlos Bacca
74%
42,002015-2016Atlético MadridGuangzhou EvergrandeJackson Martínez
74%
35,002015-2016OportoAtlético MadridJackson Martínez
74%

Distribución de puntuación

Porcentaje por número respondido

Porcentaje de gente con cada puntuación

Historial de tus puntuaciones

No has intentado esta prueba.